00541cam a22001337a 4500008004000000082002200040100002200062245009800084260006300182300001000245650003800255999001900293952009500312180718b2009 xxu||||| |||| 00| 0 eng d aAPPPA 2008-09/KHA aKharkwal, Amitabh aFederal crime and centre-state relations in India: problem and prognosiscby Amitabh Kharkwal aNew DelhibIndian Institute of Public Administrationc2009 a170p. aFederal - State relations - India c495211d495211 00104070aIIPAbIIPAd2018-08-04oAPPPA 2008-09/KHApGR18363r2018-08-04w2018-08-04yGR